[Event "DEM U12 2025"]
[Site "Willingen GER"]
[Date "2025.06.13"]
[Round "8"]
[White "Kottage, Nilash Nethul"]
[Black "Rogner, Alexander Luis"]
[Result "1/2-1/2"]
[Termination "normal"]
[Board "8"]
[WhiteElo "1526"]
[BlackElo "1811"]
[WhiteClock "00:56:41"]
[BlackClock "00:43:27"]
[PlyCount "44"]
[WhiteFideId "29935768"]
[BlackFideId "34606556"]
[EventCountry "GER"]
[EventRounds "9"]
[EventType "swiss"]
[EventDate "2025.06.07"]

1. c4 {[%clk 01:30:58]} {[%emt 00:00:02]} e6 {[%clk 01:30:19]} {[%emt
00:00:41]} 2. Nc3 {[%clk 01:31:23]} {[%emt 00:00:04]} d5 {[%clk 01:30:41]}
{[%emt 00:00:09]} 3. cxd5 {[%clk 01:31:49]} {[%emt 00:00:04]} exd5 {[%clk
01:31:04]} {[%emt 00:00:07]} 4. d4 {[%clk 01:32:13]} {[%emt 00:00:07]} c6
{[%clk 01:30:51]} {[%emt 00:00:42]} 5. Nf3 {[%clk 01:32:34]} {[%emt 00:00:10]}
Bd6 {[%clk 01:31:13]} {[%emt 00:00:07]} 6. g3 {[%clk 01:32:49]} {[%emt
00:00:15]} Nf6 {[%clk 01:25:17]} {[%emt 00:06:26]} 7. Bg2 {[%clk 01:32:44]}
{[%emt 00:00:35]} h6 {[%clk 01:25:32]} {[%emt 00:00:15]} 8. O-O {[%clk
01:32:51]} {[%emt 00:00:22]} O-O {[%clk 01:25:18]} {[%emt 00:00:44]} 9. h3
{[%clk 01:29:35]} {[%emt 00:03:45]} Bf5 {[%clk 01:17:49]} {[%emt 00:08:01]} 10.
Ne5 {[%clk 01:27:11]} {[%emt 00:02:54]} Bxe5 {[%clk 01:11:35]} {[%emt
00:06:43]} 11. dxe5 {[%clk 01:27:40]} {[%emt 00:00:02]} Nfd7 {[%clk 01:11:44]}
{[%emt 00:00:21]} 12. f4 {[%clk 01:27:46]} {[%emt 00:00:25]} Na6 {[%clk
01:00:45]} {[%emt 00:11:28]} 13. g4 {[%clk 01:20:47]} {[%emt 00:07:28]} Bh7
{[%clk 01:00:21]} {[%emt 00:00:55]} 14. e4 {[%clk 01:15:37]} {[%emt 00:05:38]}
dxe4 {[%clk 01:00:42]} {[%emt 00:00:10]} 15. Nxe4 {[%clk 01:15:30]} {[%emt
00:00:37]} Bxe4 {[%clk 01:00:51]} {[%emt 00:00:21]} 16. Bxe4 {[%clk 01:15:38]}
{[%emt 00:00:23]} Ndc5 {[%clk 01:01:11]} {[%emt 00:00:10]} 17. Bg2 {[%clk
01:02:29]} {[%emt 00:13:39]} Qxd1 {[%clk 01:01:11]} {[%emt 00:00:30]} 18. Rxd1
{[%clk 01:02:58]} Rfd8 {[%clk 00:54:34]} {[%emt 00:07:07]} 19. Be3 {[%clk
01:02:35]} {[%emt 00:00:51]} Na4 {[%clk 00:44:23]} {[%emt 00:10:43]} 20. Bd4
{[%clk 01:00:14]} {[%emt 00:02:50]} Nb6 {[%clk 00:43:45]} {[%emt 00:01:10]} 21.
a3 {[%clk 00:59:59]} {[%emt 00:00:45]} Nc7 {[%clk 00:43:11]} {[%emt 00:01:03]}
22. Kf2 {[%clk 00:56:41]} {[%emt 00:03:48]} Nbd5 {[%clk 00:43:27]} {[%emt
00:00:14]} 1/2-1/2

[Event "DEM U12 2025"]
[Site "Willingen GER"]
[Date "2025.06.13"]
[Round "8"]
[White "Serwane, Ruben"]
[Black "Richter, Felix"]
[Result "0-1"]
[Termination "normal"]
[Board "10"]
[WhiteElo "1854"]
[BlackElo "1867"]
[WhiteClock "01:08:36"]
[BlackClock "01:18:22"]
[PlyCount "30"]
[WhiteFideId "34660232"]
[BlackFideId "34631356"]
[EventCountry "GER"]
[EventRounds "9"]
[EventType "swiss"]
[EventDate "2025.06.07"]

1. e4 {[%clk 01:30:55]} {[%emt 00:00:04]} e6 {[%clk 01:30:31]} {[%emt
00:00:30]} 2. d4 {[%clk 01:30:23]} {[%emt 00:01:02]} d5 {[%clk 01:30:48]}
{[%emt 00:00:12]} 3. exd5 {[%clk 01:29:45]} {[%emt 00:01:08]} exd5 {[%clk
01:31:10]} {[%emt 00:00:07]} 4. Bd3 {[%clk 01:29:14]} {[%emt 00:01:02]} Nf6
{[%clk 01:30:02]} {[%emt 00:01:38]} 5. Nf3 {[%clk 01:28:33]} {[%emt 00:01:11]}
Bd6 {[%clk 01:28:53]} {[%emt 00:01:39]} 6. O-O {[%clk 01:26:59]} {[%emt
00:02:03]} O-O {[%clk 01:29:14]} {[%emt 00:00:10]} 7. Ne5 {[%clk 01:24:25]}
{[%emt 00:03:05]} c5 {[%clk 01:27:54]} {[%emt 00:01:49]} 8. c3 {[%clk
01:23:31]} {[%emt 00:01:25]} Nc6 {[%clk 01:27:35]} {[%emt 00:00:48]} 9. Nxc6
{[%clk 01:18:07]} {[%emt 00:05:54]} bxc6 {[%clk 01:28:04]} {[%emt 00:00:02]}
10. dxc5 {[%clk 01:15:55]} {[%emt 00:02:42]} Bxc5 {[%clk 01:27:47]} {[%emt
00:00:46]} 11. Bg5 {[%clk 01:15:07]} {[%emt 00:01:17]} Qd6 {[%clk 01:21:59]}
{[%emt 00:06:19]} 12. Bh4 {[%clk 01:11:05]} {[%emt 00:04:31]} Bg4 {[%clk
01:18:39]} {[%emt 00:03:50]} 13. Qc2 {[%clk 01:10:26]} {[%emt 00:01:09]} h6
{[%clk 01:18:14]} {[%emt 00:00:55]} 14. h3 {[%clk 01:09:14]} {[%emt 00:01:42]}
Bd7 {[%clk 01:18:22]} {[%emt 00:00:22]} 15. Bg3 {[%clk 01:08:36]} {[%emt
00:01:08]} Qxg3 {[%emt 00:00:45]} 0-1

[Event "DEM U12 2025"]
[Site "Willingen GER"]
[Date "2025.06.13"]
[Round "8"]
[White "Meitzner, Jonathan Franz"]
[Black "Varazi, Maxime"]
[Result "1-0"]
[Termination "normal"]
[Board "11"]
[WhiteElo "1766"]
[BlackElo "1775"]
[WhiteClock "00:29:18"]
[BlackClock "00:42:57"]
[PlyCount "109"]
[WhiteFideId "34616110"]
[BlackFideId "34618929"]
[EventCountry "GER"]
[EventRounds "9"]
[EventType "swiss"]
[EventDate "2025.06.07"]

1. e4 {[%clk 01:30:57]} {[%emt 00:00:02]} e5 {[%clk 01:30:52]} {[%emt
00:00:09]} 2. Nf3 {[%clk 01:31:21]} {[%emt 00:00:07]} Nc6 {[%clk 01:31:17]}
{[%emt 00:00:04]} 3. Nc3 {[%clk 01:31:43]} {[%emt 00:00:08]} Nf6 {[%clk
01:31:41]} {[%emt 00:00:06]} 4. a3 {[%clk 01:32:02]} {[%emt 00:00:10]} d5
{[%clk 01:32:06]} {[%emt 00:00:05]} 5. Bb5 {[%clk 01:29:19]} {[%emt 00:03:13]}
Bg4 {[%clk 01:29:46]} {[%emt 00:02:51]} 6. exd5 {[%clk 01:20:48]} {[%emt
00:09:01]} Nxd5 {[%clk 01:29:45]} {[%emt 00:00:30]} 7. Qe2 {[%clk 01:19:34]}
{[%emt 00:01:45]} f6 {[%clk 01:16:18]} {[%emt 00:13:57]} 8. Qe4 {[%clk
01:15:36]} {[%emt 00:04:28]} Be6 {[%clk 01:12:43]} {[%emt 00:04:04]} 9. O-O
{[%clk 01:01:14]} {[%emt 00:14:53]} a6 {[%clk 01:07:39]} {[%emt 00:05:34]} 10.
Bxc6+ {[%clk 00:59:11]} {[%emt 00:02:33]} bxc6 {[%clk 01:08:01]} {[%emt
00:00:08]} 11. Re1 {[%emt 00:05:00]} Bd6 {[%clk 01:04:04]} {[%emt 00:01:30]}
12. Nd4 {[%clk 00:51:33]} {[%emt 00:06:34]} Qd7 {[%clk 01:01:57]} {[%emt
00:02:37]} 13. Nxe6 {[%clk 00:51:39]} {[%emt 00:00:25]} Qxe6 {[%clk 01:01:27]}
{[%emt 00:01:00]} 14. Qc4 {[%clk 00:50:42]} {[%emt 00:01:28]} Kd7 {[%clk
01:00:50]} {[%emt 00:01:06]} 15. d4 {[%clk 00:50:22]} {[%emt 00:00:50]} Rhf8
{[%clk 00:57:49]} {[%emt 00:03:30]} 16. dxe5 {[%clk 00:46:42]} {[%emt
00:04:10]} fxe5 {[%clk 00:57:57]} {[%emt 00:00:23]} 17. Ne4 {[%clk 00:46:52]}
{[%emt 00:00:20]} Qg6 {[%clk 00:56:39]} {[%emt 00:01:48]} 18. Be3 {[%clk
00:41:44]} {[%emt 00:05:38]} h5 {[%clk 00:52:35]} {[%emt 00:04:34]} 19. Qd3
{[%clk 00:39:16]} {[%emt 00:02:58]} Qe6 {[%clk 00:48:14]} {[%emt 00:04:50]} 20.
c4 {[%clk 00:39:14]} {[%emt 00:00:33]} h4 {[%clk 00:41:51]} {[%emt 00:06:53]}
21. cxd5 {[%clk 00:38:59]} {[%emt 00:00:45]} cxd5 {[%clk 00:42:14]} {[%emt
00:00:07]} 22. Nc5+ {[%clk 00:37:24]} {[%emt 00:02:05]} Bxc5 {[%clk 00:42:37]}
{[%emt 00:00:07]} 23. Bxc5 {[%clk 00:37:37]} {[%emt 00:00:17]} Rf5 {[%clk
00:42:33]} {[%emt 00:00:34]} 24. Rad1 {[%clk 00:37:25]} {[%emt 00:00:41]} c6
{[%clk 00:42:51]} {[%emt 00:00:13]} 25. Qh3 {[%clk 00:37:07]} {[%emt 00:00:47]}
g5 {[%clk 00:43:03]} {[%emt 00:00:18]} 26. Qg4 {[%clk 00:37:09]} {[%emt
00:00:29]} h3 {[%clk 00:42:47]} {[%emt 00:00:47]} 27. Qxh3 {[%clk 00:37:10]}
{[%emt 00:00:28]} g4 {[%clk 00:42:48]} {[%emt 00:00:29]} 28. Qg3 {[%clk
00:35:46]} {[%emt 00:01:54]} Rg8 {[%clk 00:42:36]} {[%emt 00:00:43]} 29. Re3
{[%clk 00:32:21]} {[%emt 00:03:55]} Rh5 {[%clk 00:41:19]} {[%emt 00:01:47]} 30.
Rde1 {[%clk 00:32:13]} {[%emt 00:00:39]} Rgg5 {[%clk 00:41:22]} {[%emt
00:00:26]} 31. Bd4 {[%clk 00:30:38]} {[%emt 00:02:05]} e4 {[%clk 00:40:08]}
{[%emt 00:01:45]} 32. Rb3 {[%clk 00:28:25]} {[%emt 00:02:43]} Qd6 {[%clk
00:37:12]} {[%emt 00:03:26]} 33. Qxd6+ {[%clk 00:27:19]} {[%emt 00:01:37]} Kxd6
{[%clk 00:37:35]} {[%emt 00:00:08]} 34. Rb6 {[%clk 00:27:03]} {[%emt 00:00:46]}
Rh7 {[%clk 00:37:31]} {[%emt 00:00:32]} 35. Be3 {[%clk 00:26:43]} {[%emt
00:00:50]} Rf5 {[%clk 00:37:38]} {[%emt 00:00:23]} 36. Rc1 {[%clk 00:25:48]}
{[%emt 00:01:25]} Rc7 {[%clk 00:37:52]} {[%emt 00:00:16]} 37. g3 {[%clk
00:26:11]} {[%emt 00:00:08]} Rc8 {[%clk 00:37:56]} {[%emt 00:00:26]} 38. Rxa6
{[%clk 00:25:49]} {[%emt 00:00:52]} Rh5 {[%clk 00:37:31]} {[%emt 00:00:54]} 39.
Bf4+ {[%clk 00:25:49]} {[%emt 00:00:30]} Kd7 {[%clk 00:37:55]} {[%emt
00:00:06]} 40. Ra7+ {[%clk 00:25:34]} {[%emt 00:00:46]} Ke6 {[%clk 00:38:14]}
{[%emt 00:00:10]} 41. Rc7 {[%clk 00:25:42]} {[%emt 00:00:22]} Rxc7 {[%clk
00:38:40]} {[%emt 00:00:06]} 42. Bxc7 {[%clk 00:26:03]} {[%emt 00:00:08]} Kd7
{[%clk 00:39:01]} {[%emt 00:00:09]} 43. Bf4 {[%clk 00:26:28]} {[%emt 00:00:04]}
d4 {[%clk 00:39:26]} {[%emt 00:00:05]} 44. Rd1 {[%clk 00:26:25]} {[%emt
00:00:34]} Rd5 {[%clk 00:39:26]} {[%emt 00:00:31]} 45. Kf1 {[%clk 00:26:45]}
{[%emt 00:00:09]} c5 {[%clk 00:39:53]} {[%emt 00:00:03]} 46. Ke2 {[%clk
00:26:06]} {[%emt 00:01:08]} c4 {[%clk 00:40:12]} {[%emt 00:00:11]} 47. Be3
{[%clk 00:26:21]} {[%emt 00:00:16]} d3+ {[%clk 00:40:26]} {[%emt 00:00:16]} 48.
Kd2 {[%clk 00:26:49]} {[%emt 00:00:02]} Rb5 {[%clk 00:40:48]} {[%emt 00:00:08]}
49. Kc3 {[%clk 00:27:09]} {[%emt 00:00:05]} Rb3+ {[%clk 00:41:12]} {[%emt
00:00:10]} 50. Kxc4 {[%clk 00:27:26]} {[%emt 00:00:14]} Rxb2 {[%clk 00:41:39]}
{[%emt 00:00:04]} 51. Kd4 {[%clk 00:27:51]} {[%emt 00:00:05]} Rb5 {[%clk
00:41:43]} {[%emt 00:00:22]} 52. Kxe4 {[%clk 00:28:10]} {[%emt 00:00:14]} Rh5
{[%clk 00:42:09]} {[%emt 00:00:04]} 53. Rxd3+ {[%clk 00:28:33]} {[%emt
00:00:07]} Ke6 {[%clk 00:42:34]} {[%emt 00:00:04]} 54. Kf4 {[%clk 00:28:55]}
{[%emt 00:00:09]} Rxh2 {[%clk 00:42:57]} {[%emt 00:00:07]} 55. Kxg4 {[%clk
00:29:18]} {[%emt 00:00:07]} 1-0

[Event "DEM U12 2025"]
[Site "Willingen GER"]
[Date "2025.06.13"]
[Round "8"]
[White "Haas, Leandro"]
[Black "Zielke, Mika"]
[Result "0-1"]
[Termination "normal"]
[Board "12"]
[WhiteElo "1730"]
[BlackElo "1733"]
[WhiteClock "01:21:33"]
[BlackClock "00:15:11"]
[PlyCount "70"]
[WhiteFideId "34632549"]
[BlackFideId "34661816"]
[EventCountry "GER"]
[EventRounds "9"]
[EventType "swiss"]
[EventDate "2025.06.07"]

1. e4 {[%clk 01:30:57]} {[%emt 00:00:02]} e5 {[%clk 01:30:49]} {[%emt
00:00:12]} 2. Bc4 {[%clk 01:31:13]} {[%emt 00:00:14]} Nf6 {[%clk 01:30:48]}
{[%emt 00:00:30]} 3. d3 {[%clk 01:31:35]} {[%emt 00:00:09]} c6 {[%clk
01:30:47]} {[%emt 00:00:30]} 4. f4 {[%clk 01:29:22]} {[%emt 00:02:43]} d5
{[%clk 01:11:12]} {[%emt 00:20:06]} 5. fxe5 {[%clk 01:26:17]} {[%emt 00:03:34]}
Ng4 {[%clk 01:06:38]} {[%emt 00:05:05]} 6. exd5 {[%clk 01:25:32]} {[%emt
00:01:15]} cxd5 {[%clk 01:00:12]} {[%emt 00:06:56]} 7. Bb5+ {[%clk 01:25:55]}
{[%emt 00:00:06]} Nc6 {[%clk 01:00:28]} {[%emt 00:00:15]} 8. Nf3 {[%clk
01:26:14]} {[%emt 00:00:10]} Be7 {[%clk 00:56:33]} {[%emt 00:04:26]} 9. O-O
{[%clk 01:26:16]} {[%emt 00:00:27]} Qb6+ {[%clk 00:55:37]} {[%emt 00:01:26]}
10. d4 {[%clk 01:26:19]} {[%emt 00:00:28]} Qxb5 {[%clk 00:55:47]} {[%emt
00:00:20]} 11. Nc3 {[%clk 01:26:45]} {[%emt 00:00:04]} Qa5 {[%clk 00:49:39]}
{[%emt 00:06:37]} 12. h3 {[%clk 01:27:05]} {[%emt 00:00:11]} Nh6 {[%clk
00:49:16]} {[%emt 00:00:52]} 13. Bxh6 {[%clk 01:27:32]} {[%emt 00:00:02]} gxh6
{[%clk 00:49:40]} {[%emt 00:00:06]} 14. Qd2 {[%clk 01:27:57]} {[%emt 00:00:05]}
Be6 {[%clk 00:48:15]} {[%emt 00:01:57]} 15. Qxh6 {[%clk 01:28:09]} {[%emt
00:00:17]} O-O-O {[%clk 00:47:18]} {[%emt 00:01:27]} 16. a3 {[%clk 01:28:33]}
{[%emt 00:00:07]} Qb6 {[%clk 00:46:22]} {[%emt 00:01:24]} 17. Qe3 {[%clk
01:28:38]} {[%emt 00:00:26]} Rhg8 {[%clk 00:44:19]} {[%emt 00:02:32]} 18. Kh1
{[%clk 01:28:53]} {[%emt 00:00:16]} Qc7 {[%clk 00:39:45]} {[%emt 00:05:04]} 19.
b4 {[%clk 01:28:44]} {[%emt 00:00:39]} Qd7 {[%clk 00:36:24]} {[%emt 00:03:51]}
20. Kh2 {[%clk 01:28:47]} {[%emt 00:00:28]} Rg6 {[%clk 00:35:28]} {[%emt
00:01:25]} 21. Ne2 {[%clk 01:28:36]} {[%emt 00:00:41]} Rdg8 {[%clk 00:34:30]}
{[%emt 00:01:28]} 22. Nf4 {[%clk 01:28:58]} {[%emt 00:00:08]} Bg5 {[%clk
00:34:51]} {[%emt 00:00:10]} 23. Nxg5 {[%clk 01:29:19]} {[%emt 00:00:08]} Rxg5
{[%clk 00:35:14]} {[%emt 00:00:07]} 24. Rf2 {[%clk 01:28:46]} {[%emt 00:01:04]}
Ne7 {[%clk 00:33:41]} {[%emt 00:02:03]} 25. Nxe6 {[%clk 01:29:01]} {[%emt
00:00:14]} fxe6 {[%clk 00:31:22]} {[%emt 00:02:49]} 26. Rc1 {[%clk 01:28:56]}
{[%emt 00:00:33]} Nf5 {[%clk 00:31:23]} {[%emt 00:00:32]} 27. Qf4 {[%clk
01:29:04]} {[%emt 00:00:22]} Qc7 {[%clk 00:28:30]} {[%emt 00:03:23]} 28. g4
{[%clk 01:28:28]} {[%emt 00:01:06]} Nh6 {[%clk 00:24:25]} {[%emt 00:04:35]} 29.
Qf6 {[%clk 01:27:43]} {[%emt 00:01:14]} R5g6 {[%clk 00:24:23]} {[%emt
00:00:32]} 30. Qf4 {[%clk 01:27:44]} {[%emt 00:00:29]} Nxg4+ {[%clk 00:15:02]}
{[%emt 00:09:52]} 31. hxg4 {[%clk 01:27:56]} {[%emt 00:00:17]} Qe7 {[%clk
00:15:06]} {[%emt 00:00:27]} 32. Kh3 {[%clk 01:21:46]} {[%emt 00:06:40]} h5
{[%clk 00:14:31]} {[%emt 00:01:05]} 33. gxh5 {[%clk 01:22:02]} {[%emt
00:00:13]} Rg3+ {[%clk 00:14:38]} {[%emt 00:00:24]} 34. Kh2 {[%clk 01:21:50]}
{[%emt 00:00:41]} R3g4 {[%clk 00:14:51]} {[%emt 00:00:17]} 35. Kh3 {[%clk
01:21:33]} {[%emt 00:00:47]} Qh4# {[%clk 00:15:11]} {[%emt 00:00:09]} 0-1

[Event "DEM U12 2025"]
[Site "Willingen GER"]
[Date "2025.06.13"]
[Round "8"]
[White "Menke, Raphael Wilhelm"]
[Black "Aguike, Toshiya"]
[Result "0-1"]
[Termination "normal"]
[Board "13"]
[WhiteElo "1803"]
[BlackElo "1953"]
[WhiteClock "00:02:06"]
[BlackClock "00:12:19"]
[PlyCount "98"]
[WhiteFideId "34621008"]
[BlackFideId "34611347"]
[EventCountry "GER"]
[EventRounds "9"]
[EventType "swiss"]
[EventDate "2025.06.07"]

1. e4 {[%clk 01:30:58]} {[%emt 00:00:02]} e5 {[%clk 01:30:42]} {[%emt
00:00:19]} 2. Nf3 {[%clk 01:31:24]} {[%emt 00:00:04]} Nc6 {[%clk 01:31:03]}
{[%emt 00:00:08]} 3. Nc3 {[%clk 01:31:12]} {[%emt 00:00:43]} Nf6 {[%clk
01:31:12]} {[%emt 00:00:20]} 4. d4 {[%clk 01:31:39]} {[%emt 00:00:04]} exd4
{[%clk 01:31:11]} {[%emt 00:00:30]} 5. Nxd4 {[%clk 01:31:43]} {[%emt 00:00:26]}
Bc5 {[%clk 01:30:45]} {[%emt 00:00:56]} 6. Be3 {[%clk 01:29:17]} {[%emt
00:02:56]} Bb6 {[%clk 01:29:25]} {[%emt 00:01:51]} 7. Bc4 {[%clk 01:28:13]}
{[%emt 00:01:33]} O-O {[%clk 01:27:08]} {[%emt 00:02:47]} 8. O-O {[%clk
01:26:38]} {[%emt 00:02:05]} Re8 {[%clk 01:24:26]} {[%emt 00:03:11]} 9. Nxc6
{[%clk 01:25:04]} {[%emt 00:02:05]} bxc6 {[%clk 01:23:38]} {[%emt 00:01:18]}
10. Bxb6 {[%clk 01:25:19]} {[%emt 00:00:16]} cxb6 {[%clk 01:23:39]} {[%emt
00:00:28]} 11. Re1 {[%clk 01:23:41]} {[%emt 00:02:08]} Qc7 {[%clk 01:21:53]}
{[%emt 00:02:15]} 12. Qf3 {[%clk 01:18:38]} {[%emt 00:05:35]} b5 {[%clk
01:18:34]} {[%emt 00:03:49]} 13. Bb3 {[%clk 01:06:09]} {[%emt 00:12:58]} Bb7
{[%clk 01:16:01]} {[%emt 00:03:02]} 14. a3 {[%clk 00:59:55]} {[%emt 00:06:45]}
a6 {[%clk 01:10:16]} {[%emt 00:06:15]} 15. Qg3 {[%clk 00:51:18]} {[%emt
00:09:05]} d6 {[%clk 01:08:28]} {[%emt 00:02:18]} 16. Rad1 {[%clk 00:47:32]}
{[%emt 00:04:18]} Rad8 {[%clk 01:06:34]} {[%emt 00:02:20]} 17. f3 {[%clk
00:39:20]} {[%emt 00:08:45]} Qe7 {[%clk 01:02:16]} {[%emt 00:04:48]} 18. Ne2
{[%clk 00:33:27]} {[%emt 00:06:23]} c5 {[%clk 00:57:37]} {[%emt 00:05:08]} 19.
c4 {[%clk 00:31:26]} {[%emt 00:02:32]} Qe6 {[%clk 00:34:30]} {[%emt 00:23:37]}
20. Nc3 {[%clk 00:15:48]} {[%emt 00:16:10]} bxc4 {[%clk 00:24:48]} {[%emt
00:10:12]} 21. Ba4 {[%clk 00:15:26]} {[%emt 00:00:52]} Rf8 {[%clk 00:23:08]}
{[%emt 00:02:08]} 22. Bc2 {[%clk 00:12:26]} {[%emt 00:03:32]} Bc6 {[%clk
00:20:24]} {[%emt 00:03:13]} 23. Nd5 {[%clk 00:10:44]} {[%emt 00:02:13]} Bxd5
{[%clk 00:19:59]} {[%emt 00:00:56]} 24. exd5 {[%clk 00:11:09]} {[%emt
00:00:05]} Qd7 {[%clk 00:20:16]} {[%emt 00:00:11]} 25. Qh4 {[%clk 00:07:43]}
{[%emt 00:03:58]} Qb7 {[%clk 00:19:05]} {[%emt 00:01:40]} 26. Rd2 {[%clk
00:05:59]} {[%emt 00:02:13]} Rfe8 {[%clk 00:16:57]} {[%emt 00:02:35]} 27. Rde2
{[%clk 00:02:41]} {[%emt 00:03:53]} h6 {[%clk 00:10:24]} {[%emt 00:06:59]} 28.
Rxe8+ {[%clk 00:01:30]} {[%emt 00:01:44]} Rxe8 {[%clk 00:10:25]} {[%emt
00:00:29]} 29. Rxe8+ {[%clk 00:01:50]} {[%emt 00:00:10]} Nxe8 {[%clk 00:10:46]}
{[%emt 00:00:09]} 30. Qd8 {[%clk 00:02:13]} {[%emt 00:00:07]} Kf8 {[%clk
00:10:38]} {[%emt 00:00:37]} 31. Bf5 {[%clk 00:01:30]} {[%emt 00:01:14]} Qe7
{[%clk 00:10:07]} {[%emt 00:01:00]} 32. Qxe7+ {[%clk 00:01:47]} {[%emt
00:00:14]} Kxe7 {[%clk 00:10:18]} {[%emt 00:00:18]} 33. Bc8 {[%clk 00:02:06]}
{[%emt 00:00:13]} Nc7 {[%clk 00:10:43]} {[%emt 00:00:04]} 34. Bb7 {[%clk
00:02:32]} {[%emt 00:00:03]} Kf6 {[%clk 00:11:05]} {[%emt 00:00:08]} 35. Kf2
{[%clk 00:02:12]} {[%emt 00:00:51]} Ke5 {[%clk 00:11:12]} {[%emt 00:00:22]} 36.
Ke1 {[%clk 00:01:49]} {[%emt 00:00:52]} a5 {[%clk 00:11:15]} {[%emt 00:00:28]}
37. Kd2 {[%clk 00:01:47]} {[%emt 00:00:32]} Nxd5 {[%clk 00:10:56]} {[%emt
00:00:49]} 38. Bc6 {[%clk 00:01:06]} {[%emt 00:01:09]} Kd4 {[%clk 00:10:35]}
{[%emt 00:00:50]} 39. Be8 {[%clk 00:00:53]} {[%emt 00:00:45]} f6 {[%clk
00:10:12]} {[%emt 00:00:53]} 40. g3 {[%clk 00:00:34]} {[%emt 00:00:49]} c3+
{[%clk 00:10:22]} {[%emt 00:00:20]} 41. bxc3+ {[%clk 00:00:59]} {[%emt
00:00:04]} Nxc3 {[%clk 00:10:45]} {[%emt 00:00:07]} 42. a4 {[%clk 00:01:18]}
{[%emt 00:00:11]} c4 {[%clk 00:10:33]} {[%emt 00:00:42]} 43. Bc6 {[%clk
00:01:27]} {[%emt 00:00:19]} Na2 {[%clk 00:10:48]} {[%emt 00:00:15]} 44. Be4
{[%clk 00:01:42]} {[%emt 00:00:16]} Nb4 {[%clk 00:10:50]} {[%emt 00:00:27]} 45.
h4 {[%clk 00:01:48]} {[%emt 00:00:24]} d5 {[%clk 00:11:04]} {[%emt 00:00:16]}
46. Bf5 {[%clk 00:01:29]} {[%emt 00:00:50]} c3+ {[%clk 00:11:26]} {[%emt
00:00:08]} 47. Kc1 {[%clk 00:01:51]} {[%emt 00:00:08]} Ke3 {[%clk 00:11:35]}
{[%emt 00:00:19]} 48. Bg4 {[%clk 00:02:09]} {[%emt 00:00:12]} d4 {[%clk
00:11:57]} {[%emt 00:00:09]} 49. f4 {[%clk 00:02:06]} {[%emt 00:00:33]} d3
{[%clk 00:12:19]} {[%emt 00:00:09]} 0-1